Catálogo
 En Linea

Modernisno y criollismo en Santo Domingo en el siglo XIX : (Registro nro. 47421)

Detalles MARC
000 -CABECERA
campo de control de longitud fija 01799nam a2200313 i 4500
001 - NÚMERO DE CONTROL
campo de control 000047933
003 - IDENTIFICADOR DEL NÚMERO DE CONTROL
campo de control DO-SdBNP
005 - FECHA Y HORA DE LA ÚLTIMA TRANSACCIÓN
campo de control 20240228142033.0
008 - DATOS DE LONGITUD FIJA--INFORMACIÓN GENERAL
campo de control de longitud fija 181004s2018 dr r 000 0 spa d
020 ## - NÚMERO INTERNACIONAL ESTÁNDAR DEL LIBRO
Número Internacional Estándar del Libro 9789945472912
040 ## - FUENTE DE LA CATALOGACIÓN
Centro catalogador/agencia de origen DO-SdBNP
Lengua de catalogación spa
Centro/agencia transcriptor BNPHU
Normas de descripción rda
082 ## - NÚMERO DE LA CLASIFICACIÓN DECIMAL DEWEY
Número de clasificación RD860.9
Número de documento/Ítem M827m
Número de edición 22
100 1# - ENTRADA PRINCIPAL--NOMBRE DE PERSONA
Nombre de persona Mora Serrano, Manuel,
Títulos y otros términos asociados al nombre 1933-
Término indicativo de función/relación autor
9 (RLIN) 5162
245 10 - MENCIÓN DE TÍTULO
Título Modernisno y criollismo en Santo Domingo en el siglo XIX :
Resto del título la turba letrada y los mitos literarios /
Mención de responsabilidad, etc. Manuel Mora Serrano.
264 ## - PRODUCCIÓN, PUBLICACIÓN, DISTRIBUCIÓN, FABRICACIÓN Y COPYRIGHT
Producción, publicación, distribución, fabricación y copyright Santo Domingo :
Nombre del de productor, editor, distribuidor, fabricante Intec,
Fecha de producción, publicación, distribución, fabricación o copyright 2018.
300 ## - DESCRIPCIÓN FÍSICA
Extensión 208 paginas ;
Dimensiones 23 cm.
336 ## - TIPO DE CONTENIDO
Fuente rdacontent
Término de tipo de contenido texto
Código de tipo de contenido txt
337 ## - TIPO DE MEDIO
Fuente rdamedia
Nombre/término del tipo de medio sin mediación
Código del tipo de medio n
338 ## - TIPO DE SOPORTE
Fuente rdacarrier
Nombre/término del tipo de soporte volumen
Código del tipo de soporte nc
500 ## - NOTA GENERAL
Nota general Incluye datos biográficos del autor en la solapa de la cubierta
500 ## - NOTA GENERAL
Nota general Incluye índice onomástico
504 ## - NOTA DE BIBLIOGRAFÍA, ETC.
Nota de bibliografía, etc. Bibliografía : p. 195-197
505 ## - NOTA DE CONTENIDO CON FORMATO
Nota de contenido con formato ORÍGENES DEL MODERNISMO HISPANOAMERICANO. EL MODERNISMO EN SANTO DOMINGO EN EL SIGLO XIX -- Bases del modernismo hispanoamericano 25 -- El modernismo hispanoamericano (introducción) 43 -- Modernismo en Santo Domingo en el siglo XIX 61 -- El modernismo propiamente dicho en Santo Domingo y en otros paíes 83 -- EL CRIOLLISMO MODERNISTA Y ANTI MODERNISTA; RUBÉN DARÍO AYUDA A CREAR UN NUEVO CRIOLLISMO -- Preámbulo al criollismo 135 -- El criollismo durante el romanticismo 139 -- Rubén Darío instigador del nuevo criollismo 141 -- El criollismo contra y modernista 145 -- Conclusiones finales sobre modernismo y criollismo a fines del siglo XIX 161 -- Conclusiones del criollismo en Santo Domingo a fines del siglo XIX 165
590 ## - NOTA LOCAL (RLIN)
Nota local Inventariado, 2020/BT
650 #4 - PUNTO DE ACCESO ADICIONAL DE MATERIA--TÉRMINO DE MATERIA
Término de materia o nombre geográfico como elemento de entrada Modernismo (Literatura)
9 (RLIN) 834
650 #4 - PUNTO DE ACCESO ADICIONAL DE MATERIA--TÉRMINO DE MATERIA
Término de materia o nombre geográfico como elemento de entrada Literatura dominicana
Subdivisión general Historia y crítica
9 (RLIN) 159
910 ## - DATOS DE OPCIÓN DEL USUARIO (OCLC)
Datos de opción del usuario BT
942 ## - ELEMENTOS DE PUNTO DE ACCESO ADICIONAL (KOHA)
Fuente del sistema de clasificación o colocación Dewey Decimal Classification
Tipo de ítem Koha Libro
Existencias
Estado de retiro Estado de pérdida Restricciones de uso No para préstamo Código de colección Localización permanente Ubicación/localización actual Ubicación en estantería Fecha de adquisición Número de inventario Total de préstamos Signatura topográfica completa Código de barras Fecha visto por última vez Número de copia Precio válido a partir de Tipo de ítem Koha Fuente del sistema de clasificación o colocación Fuente de adquisición
    Préstamo en sala   Dominicana de Servicio Biblioteca Nacional Pedro Henríquez Ureña Biblioteca Nacional Pedro Henríquez Ureña En catalogación 08.08.2023     BNPHU DS RD860.9 M827m 2023-5241 08.08.2023 e.4 08.08.2023 Libro Dewey Decimal Classification donado
        Dominicana de Servicio General General Depósito 04.10.2018 LF1   xxxx M827m 47933-30 25.06.2020 e.3 25.06.2020 Libro y Folleto Colección Dominicana de Servicio    
      Excluido de préstamo Patrimonio Dominicano Patrimonio Dominicano Patrimonio Dominicano Depósito 04.10.2018 LF1   xxxx M827m 47933-10 25.06.2020   25.06.2020 Libro y Folleto Colección Patrimonio Dominicano    
      Excluido de préstamo Patrimonio Dominicano Patrimonio Dominicano Patrimonio Dominicano Depósito 04.10.2018 LF1   xxxx M827m 47933-20 25.06.2020 e.2 25.06.2020 Libro y Folleto Colección Patrimonio Dominicano    

Con tecnología Koha